000
00312nam a22001337a 4500
003
SGT
082
_a
617.645
_b
O21Y
100
_a
YADAV, ANKITA
245
_a
ORTHODONTIC CONSIDERATIONS IN YOUNG CHILDREN (PRE- ADOLESCENTS)
260
_a
SGTU
_c
2021
300
_a
66
650
_a
PEDODONTICS
942
_2
ddc
_c
TH
999
_c
21140
_d
21140